Eu, nós e os outros (Registo nº 1080)

Detalhes MARC
000 -Etiqueta do registo
Cabeçalho 00939nam0a2200277 4500
005 - Identificador da versão
Campo de controlo 20240813121825.0
010 ## - Número internacional normalizado dos livros (ISBN)
Número (ISBN) 9789898267023
021 ## - Número do Depósito Legal
Código do país PT
Número 292906/09
100 ## - Dados gerais de processamento
Dados gerais de processamento 20151029d2009 d y0pory5003 ba
102 ## - Pais de publicação ou produção
País de publicação Portugal
101 0# - Língua de publicação
Língua do texto, banda sonora, etc. Português
215 ## - Descrição física 
Indicação específica da natureza do documento e extensão da espécie 27 p.
Outras indicações físicas il. color
200 1# - Titulo e menção de responsabilidade
Título próprio Eu, nós e os outros
Primeira menção de responsabilidade João Pedro Mésseder
Outras menções de responsabilidade il. Gabriela Sotto Mayor, Alunos do Externato Paraíso dos Pequeninos
205 ## - Menção da edição
Menção da edição 1ª ed
210 ## - Publicação, Distribuição, etc. 
Lugar da edição, distribuição, etc. Porto
Nome do editor, distribuidor, etc. Trampolim
Data da publicação, distribuição, etc. 2009
300 ## - Notas gerais 
Texto da nota João Pedro Mésseder é pseudónimo de José António Gomes
606 ## - Nome comum usado como assunto
Número de registo de entrada de autoridade 0002007
Palavra de ordem Literatura portuguesa
Subdivisão de assunto Poesia
Código do sistema CA
675 ## - Classificação Decimal Universal (CDU)
Notação 821.134.3-1
Edição 3ª ed.
Língua da edição por
702 #1 - Nome de autor-pessoa física (responsabilidade secundária)
Número de registo de entrada de autoridade 0001100
Palavra de ordem Sotto Mayor
Outra parte do nome não tomada para palavra de ordem Gabriela
Código de função Ilustrador / Técnico de desenho computorizado
712 12 - Nome de colectividade-autor (responsabilidade secundária)
Número de registo de entrada de autoridade 0002644
Palavra de ordem Alunos do Externato Paraíso dos Pequeninos
Código de função Ilustrador / Técnico de desenho computorizado
700 #1 - Nome de autor-pessoa física (responsabilidade principal)
Número de registo de entrada de autoridade 0002643
Palavra de ordem Mésseder
Outra parte do nome não tomada para palavra de ordem João Pedro
Elementos de identificação ou distinção pseud.
Datas 1957-
966 ## - Identificação da Biblioteca
Sigla EB2,3ENM
942 ## - Elementos de entrada adicionados (Koha)
Tipo de item no Koha Livro
Exemplares
Situação do levantamento Origin of item (home branch) (coded) Biblioteca de empréstimo Código de barras Cota Circulation type (not for loan) Tipo de documento Nota do exemplar Damaged status
  Biblioteca Escolar Eng. Nuno Mergulhão Biblioteca Escolar Eng. Nuno Mergulhão BENM1968 82LP-1 MÉS   Livro Sem mensagem